[Event "Campeonato Paulista Absoluto 2005"]
[Site "Americana BRA"]
[Date "2005.07.01"]
[Round "2"]
[White "Assumpcao, Roberto"]
[Black "Savian, Fabio Jose"]
[Result "1/2-1/2"]
[WhiteElo "2361"]
[BlackElo "2042"]
[PlyCount "101"]
[EventDate "2005.06.30"]
[EventType "swiss"]
[EventRounds "7"]
[EventCountry "BRA"]
[Source "lmi"]
[SourceDate "2005.07.04"]

1. d4 f5 2. Nc3 d5 3. Nh3 g6 4. g3 Bg7 5. Bg2 Nf6 6. O-O c6 7. Bf4 O-O 8. Qd2
Be6 9. Ng5 Bc8 10. Nh3 Be6 11. Rad1 Na6 12. f3 Bf7 13. Kh1 Qd7 14. Ng5 Kh8 15.
Nxf7+ Rxf7 16. Be5 Raf8 17. e3 Nh5 18. Bxg7+ Kxg7 19. Ne2 Qd6 20. Nc1 Nf6 21.
Nd3 Nd7 22. b3 Kg8 23. f4 Qf6 24. c4 e6 25. c5 g5 26. fxg5 Qxg5 27. b4 h5 28.
Rf4 Rh7 29. Qf2 Nf6 30. Rb1 Ng4 31. Qe1 Nc7 32. h3 Nf6 33. Qf2 Rff7 34. h4 Qh6
35. a4 a6 36. Bf3 Rhg7 37. Ne5 Rf8 38. Rf1 Kh7 39. Rg1 Rfg8 40. Kh2 Ne4 41.
Bxe4 dxe4 42. Qe2 Nd5 43. b5 axb5 44. a5 Ra8 45. Ra1 Ra6 46. Ra3 b4 47. Ra1 Nc3
48. Qe1 Nd5 49. Qe2 Nc3 50. Qe1 Nd5 51. Qe2 1/2-1/2

[Event "Campeonato Paulista Absoluto 2005"]
[Site "Americana BRA"]
[Date "2005.07.01"]
[Round "2"]
[White "Costa, Giovanni de Almeida"]
[Black "Aranha Filho, Alvaro Zimmerman"]
[Result "0-1"]
[WhiteElo "2005"]
[BlackElo "2272"]
[PlyCount "80"]
[EventDate "2005.06.30"]
[EventType "swiss"]
[EventRounds "7"]
[EventCountry "BRA"]
[Source "lmi"]
[SourceDate "2005.07.04"]

1. d4 d5 2. Nf3 Nf6 3. c3 g6 4. Bg5 Ne4 5. Bf4 c5 6. e3 Qb6 7. Qb3 c4 8. Qxb6
axb6 9. Bxb8 Rxb8 10. Nbd2 Bf5 11. Nxe4 Bxe4 12. Nd2 Bc2 13. Be2 b5 14. O-O Ra8
15. Rfc1 Bf5 16. b3 Bd7 17. e4 e6 18. exd5 exd5 19. Bf3 Be6 20. Re1 Kd7 21. b4
Bh6 22. Nf1 Ra3 23. Ne3 Bxe3 24. Rxe3 Rha8 25. g3 Kd6 26. Kg2 Rxa2 27. Rxa2
Rxa2 28. h3 Rd2 29. Be2 f6 30. f4 Bf5 31. g4 Bd3 32. Kf3 Be4+ 33. Kg3 Rc2 34.
g5 fxg5 35. fxg5 Bd3 36. Bg4 Rxc3 37. Re6+ Kc7 38. Re7+ Kb8 39. Kf4 Rc1 40. Rd7
c3 0-1

[Event "Campeonato Paulista Absoluto 2005"]
[Site "Americana BRA"]
[Date "2005.07.01"]
[Round "2"]
[White "Crosa, Martin"]
[Black "Shitsuka, Caleb David Wily"]
[Result "1-0"]
[WhiteElo "2432"]
[BlackElo "2060"]
[PlyCount "67"]
[EventDate "2005.06.30"]
[EventType "swiss"]
[EventRounds "7"]
[EventCountry "BRA"]
[Source "lmi"]
[SourceDate "2005.07.04"]

1. c4 c5 2. Nc3 Nc6 3. Nf3 g6 4. e3 Nf6 5. d4 cxd4 6. exd4 d5 7. cxd5 Nxd5 8.
Qb3 Nxc3 9. Bc4 e6 10. bxc3 Qc7 11. O-O Bg7 12. Ba3 Bd7 13. Bd3 Bf8 14. Rfe1
Bd6 15. d5 Na5 16. Bxd6 Qxd6 17. Qb4 Qxd5 18. Rad1 Nc6 19. Qf4 Qxa2 20. Ng5 e5
21. Bc4 O-O-O 22. Bxa2 exf4 23. Nxf7 Bg4 24. Rxd8+ Rxd8 25. Nxd8 Kxd8 26. h4
Bf5 27. Bb1 Bxb1 28. Rxb1 Kc7 29. Kf1 a5 30. Ke2 Ne5 31. Rb5 Nc6 32. Kf3 a4 33.
Kxf4 a3 34. Rb3 1-0

[Event "Campeonato Paulista Absoluto 2005"]
[Site "Americana BRA"]
[Date "2005.07.01"]
[Round "2"]
[White "Galati, Mario Augusto"]
[Black "Hasegawa, Fernando Henrique"]
[Result "1-0"]
[WhiteElo "2244"]
[BlackElo "1963"]
[PlyCount "137"]
[EventDate "2005.06.30"]
[EventType "swiss"]
[EventRounds "7"]
[EventCountry "BRA"]
[Source "lmi"]
[SourceDate "2005.07.04"]

1. d4 Nf6 2. c4 c5 3. d5 e6 4. Nc3 exd5 5. cxd5 d6 6. Nf3 g6 7. Nd2 a6 8. a4
Nbd7 9. e4 Bg7 10. Be2 O-O 11. O-O Re8 12. Qc2 Rb8 13. a5 Qc7 14. Nc4 b5 15.
axb6 Nxb6 16. Na5 Na8 17. Bf4 Nd7 18. Nc6 Rb6 19. Na4 Rxc6 20. dxc6 Qxc6 21.
Nc3 Nc7 22. Qd2 Bxc3 23. bxc3 Qxe4 24. Bf3 Qc4 25. Bxd6 Nb5 26. Rae1 Re6 27.
Rxe6 Qxe6 28. Bg3 Nf6 29. Re1 Qd7 30. Qf4 Qf5 31. Qb8 Kg7 32. Be5 Be6 33. Qd8
h5 34. Bb7 Na3 35. Bxa6 Nc4 36. Bxc4 Bxc4 37. Qd6 Be6 38. Qxc5 Kh7 39. Bd4 Qxc5
40. Bxc5 Nd7 41. Bd4 Kg8 42. Ra1 Kf8 43. Ra7 Ke7 44. f4 Kd6 45. Kf2 Kd5 46. Ke3
Nb8 47. Ra5+ Kc6 48. c4 Kd7 49. Ra7+ Kc6 50. Be5 Nd7 51. Rc7+ Kb6 52. Bd6 Nf6
53. Kd4 Nd7 54. c5+ Kb5 55. Rb7+ Kc6 56. Rc7+ Kb5 57. Be7 Ka6 58. c6 Nb6 59.
Bc5 Nc8 60. Rb7 Bf5 61. Rxf7 Kb5 62. Kd5 Bc2 63. Rb7+ Ka6 64. Rb2 Bf5 65. h3
Bd3 66. g4 hxg4 67. hxg4 g5 68. Rb8 Na7 69. Ra8 1-0

[Event "Campeonato Paulista Absoluto 2005"]
[Site "Americana BRA"]
[Date "2005.07.01"]
[Round "2"]
[White "Jukemura, Rodrigo"]
[Black "Rodriguez, Andres"]
[Result "0-1"]
[WhiteElo "2058"]
[BlackElo "2536"]
[PlyCount "50"]
[EventDate "2005.06.30"]
[EventType "swiss"]
[EventRounds "7"]
[EventCountry "BRA"]
[Source "lmi"]
[SourceDate "2005.07.04"]

1. d4 f5 2. e4 fxe4 3. Nc3 Nf6 4. Bg5 Nc6 5. d5 Ne5 6. Qd4 Nf7 7. h4 c6 8.
O-O-O Qb6 9. Bxf6 gxf6 10. Qxe4 Qxf2 11. Be2 f5 12. Qd3 Bh6+ 13. Kb1 Ne5 14.
Bh5+ Kd8 15. Qh3 Nc4 16. Bf3 Qb6 17. b3 Bg7 18. Nge2 d6 19. Rd3 Bd7 20. Re1 c5
21. Nf4 Qb4 22. Be2 Nd2+ 23. Kc1 Bxc3 24. Ne6+ Bxe6 25. Rxc3 Ne4 0-1

[Event "Campeonato Paulista Absoluto 2005"]
[Site "Americana BRA"]
[Date "2005.07.01"]
[Round "2"]
[White "Loureiro, Luiz de Vasconcelos"]
[Black "Cruz, Evandra Angelica"]
[Result "1/2-1/2"]
[WhiteElo "2329"]
[BlackElo "2020"]
[PlyCount "36"]
[EventDate "2005.06.30"]
[EventType "swiss"]
[EventRounds "7"]
[EventCountry "BRA"]
[Source "lmi"]
[SourceDate "2005.07.04"]

1. d4 Nf6 2. c4 g6 3. Nc3 d5 4. Nf3 Bg7 5. Qb3 dxc4 6. Qxc4 O-O 7. e4 a6 8. e5
b5 9. Qb3 Nfd7 10. e6 fxe6 11. Be3 Nb6 12. Be2 Nc6 13. h4 Na5 14. Qc2 e5 15.
Nxe5 Bf5 16. Qc1 Nbc4 17. g4 Bxe5 18. dxe5 Bd3 1/2-1/2

[Event "Campeonato Paulista Absoluto 2005"]
[Site "Americana BRA"]
[Date "2005.07.01"]
[Round "2"]
[White "Pereira, Juliano Resende Mat"]
[Black "Terao, Juliana Sayumi"]
[Result "1-0"]
[WhiteElo "2274"]
[BlackElo "1979"]
[PlyCount "135"]
[EventDate "2005.06.30"]
[EventType "swiss"]
[EventRounds "7"]
[EventCountry "BRA"]
[Source "lmi"]
[SourceDate "2005.07.04"]

1. d4 d5 2. Nf3 Nf6 3. c4 e6 4. Bg5 Nbd7 5. e3 c6 6. Nbd2 Be7 7. Bd3 b6 8. O-O
O-O 9. Qe2 h6 10. Bh4 Bb7 11. Rad1 Re8 12. e4 dxe4 13. Nxe4 Nxe4 14. Qxe4 Bxh4
15. Nxh4 f5 16. Qf4 g5 17. Qg3 f4 18. Qf3 gxh4 19. Qxf4 Kg7 20. Qe4 Nf8 21.
Rfe1 Qf6 22. Re3 Rad8 23. Bb1 Re7 24. Qg4+ Qg5 25. Qe2 c5 26. d5 Ng6 27. Bxg6
Qxg6 28. Re1 Rde8 29. f4 Kh7 30. Re5 Rf7 31. Qd2 Rf6 32. dxe6 Rg8 33. R5e2 h3
34. g3 h5 35. Qd7+ Rg7 36. e7 Bc6 37. Qxc6 Rxc6 38. e8=Q h4 39. Qxg6+ Rcxg6 40.
Re7 hxg3 41. Rxg7+ Rxg7 42. hxg3 Rxg3+ 43. Kh2 Rf3 44. Re7+ Kg6 45. Rxa7 Rxf4
46. b3 Rf6 47. Kxh3 Kf5 48. Kg3 Ke4 49. Rd7 Rf3+ 50. Kg4 Rf6 51. Kg5 Rf2 52.
Rb7 Rxa2 53. Rxb6 Rb2 54. Kf6 Rh2 55. Ke7 Kd4 56. Kd7 Rh7+ 57. Kc6 Rh3 58. Rb8
Rh6+ 59. Kb5 Rh3 60. Rd8+ Ke4 61. Kxc5 Rxb3 62. Re8+ Kf5 63. Kc6 Rh3 64. c5 Rh7
65. Kb6 Kf6 66. c6 Kf7 67. Re1 Rh6 68. Kb7 1-0

[Event "Campeonato Paulista Absoluto 2005"]
[Site "Americana BRA"]
[Date "2005.07.01"]
[Round "2"]
[White "Terao, Rodrigo Akira"]
[Black "Coelho, Luis Henrique Pinto"]
[Result "0-1"]
[WhiteElo "2035"]
[BlackElo "2417"]
[PlyCount "46"]
[EventDate "2005.06.30"]
[EventType "swiss"]
[EventRounds "7"]
[EventCountry "BRA"]
[Source "lmi"]
[SourceDate "2005.07.04"]

1. e4 e6 2. d4 d5 3. Nd2 Nc6 4. c3 e5 5. Bb5 exd4 6. cxd4 dxe4 7. Bxc6+ bxc6 8.
Nxe4 Bb4+ 9. Nc3 Qd5 10. Qe2+ Ne7 11. Nf3 Qa5 12. Bd2 O-O 13. Qe5 Qa6 14. O-O-O
Bxc3 15. Bxc3 Nd5 16. Qe4 Rb8 17. Qc2 Qxa2 18. Ng5 g6 19. Ne4 Bf5 20. f3 Rb3
21. Kd2 Bxe4 22. fxe4 Nxc3 23. Ra1 Nxe4+ 0-1

[Event "Campeonato Paulista Absoluto 2005"]
[Site "Americana BRA"]
[Date "2005.07.01"]
[Round "3"]
[White "Aranha Filho, Alvaro Zimmerman"]
[Black "De Oliveira, Eduardo Marques"]
[Result "1-0"]
[WhiteElo "2272"]
[BlackElo "2098"]
[PlyCount "79"]
[EventDate "2005.06.30"]
[EventType "swiss"]
[EventRounds "7"]
[EventCountry "BRA"]
[Source "lmi"]
[SourceDate "2005.07.04"]

1. e4 c5 2. Nf3 Nc6 3. Bb5 a6 4. Bxc6 dxc6 5. h3 e5 6. O-O Bd6 7. d3 Nf6 8.
Nbd2 b5 9. b3 Qe7 10. a4 O-O 11. Re1 Nh5 12. Nf1 Nf4 13. Bxf4 exf4 14. e5 Bc7
15. Qd2 g5 16. Qc3 Be6 17. N1d2 b4 18. Qb2 g4 19. hxg4 Bxg4 20. Ne4 Bxf3 21.
Nf6+ Kh8 22. gxf3 Qe6 23. Kg2 Rg8+ 24. Nxg8 Rxg8+ 25. Kf1 Rg5 26. Re4 Bxe5 27.
d4 cxd4 28. Qa2 Qd5 29. Rae1 f6 30. Qb1 Qc5 31. Qd1 h5 32. Qd3 a5 33. Qc4 Qxc4+
34. bxc4 c5 35. Ke2 Kh7 36. Kd3 Rg7 37. R4e2 Rd7 38. Ke4 d3 39. cxd3 Rd4+ 40.
Kf5 1-0

[Event "Campeonato Paulista Absoluto 2005"]
[Site "Americana BRA"]
[Date "2005.07.01"]
[Round "3"]
[White "Brandao, Evandro Alves"]
[Black "Galati, Mario Augusto"]
[Result "0-1"]
[WhiteElo "2094"]
[BlackElo "2244"]
[PlyCount "46"]
[EventDate "2005.06.30"]
[EventType "swiss"]
[EventRounds "7"]
[EventCountry "BRA"]
[Source "lmi"]
[SourceDate "2005.07.04"]

1. e4 c5 2. Nf3 Nc6 3. d4 cxd4 4. Nxd4 Nf6 5. Nc3 d6 6. Bc4 Bd7 7. O-O g6 8. h3
Nxd4 9. Qxd4 Bg7 10. Be3 O-O 11. f4 Ng4 12. Qd3 Nxe3 13. Qxe3 Bc6 14. Rae1 Qa5
15. e5 dxe5 16. fxe5 Rad8 17. Bb3 a6 18. Qf4 e6 19. Re3 Qc5 20. Kh1 Rd4 21. Qf2
Bxe5 22. Bxe6 Rf4 23. Rxe5 Rxf2 0-1

[Event "Campeonato Paulista Absoluto 2005"]
[Site "Americana BRA"]
[Date "2005.07.01"]
[Round "3"]
[White "Coelho, Luis Henrique Pinto"]
[Black "Bere Fo, Romulo Fernando"]
[Result "1-0"]
[WhiteElo "2417"]
[BlackElo "2115"]
[PlyCount "63"]
[EventDate "2005.06.30"]
[EventType "swiss"]
[EventRounds "7"]
[EventCountry "BRA"]
[Source "lmi"]
[SourceDate "2005.07.04"]

1. d4 Nf6 2. c4 e6 3. g3 d5 4. Bg2 c6 5. Qc2 Be7 6. Nf3 Nbd7 7. O-O O-O 8. Nbd2
Re8 9. Rd1 Qa5 10. a3 dxc4 11. Nxc4 Qf5 12. Qb3 h6 13. Bf4 Ne4 14. Nfd2 Ndf6
15. Nxe4 Nxe4 16. f3 Nf6 17. e4 Qh5 18. Ne5 Nh7 19. g4 Qh4 20. Bg3 Qf6 21. f4
g6 22. h4 Qg7 23. d5 exd5 24. exd5 cxd5 25. Bxd5 Rf8 26. g5 h5 27. Rac1 Bg4 28.
Nxg4 hxg4 29. Bf2 Rfe8 30. Bd4 Qf8 31. f5 Bxg5 32. fxg6 1-0

[Event "Campeonato Paulista Absoluto 2005"]
[Site "Americana BRA"]
[Date "2005.07.01"]
[Round "3"]
[White "Katayama, Pedro Lourenço"]
[Black "Molina, Roberto Junio Brito"]
[Result "0-1"]
[WhiteElo "2088"]
[BlackElo "2237"]
[PlyCount "144"]
[EventDate "2005.06.30"]
[EventType "swiss"]
[EventRounds "7"]
[EventCountry "BRA"]
[Source "lmi"]
[SourceDate "2005.07.04"]

1. Nf3 f5 2. c4 Nf6 3. d4 g6 4. Nc3 Bg7 5. g3 O-O 6. Bg2 d6 7. O-O Nc6 8. Qc2
Nh5 9. Rd1 Bd7 10. a3 Qe8 11. d5 Ne5 12. b3 h6 13. Bb2 g5 14. Nd4 c5 15. Ne6
Bxe6 16. dxe6 Rb8 17. Nd5 Nc6 18. Ne3 Bxb2 19. Qxb2 Ng7 20. Bd5 Nd4 21. Rac1
Ngxe6 22. Qb1 Kh8 23. Bxe6 Nxe6 24. Nxf5 Qf7 25. e4 Nd4 26. Qb2 e5 27. Nxd6 Qf3
28. Re1 Qxb3 29. Qxb3 Nxb3 30. Rc3 Nd4 31. Kg2 Rf6 32. Nb5 Rbf8 33. Rf1 Nf3 34.
Rd3 g4 35. Nd6 b6 36. Nf5 Nd4 37. Ne7 Kg7 38. Nd5 Rf3 39. Rxf3 Rxf3 40. Ne3 h5
41. Rd1 Kf7 42. Rd2 Ke6 43. Rb2 Rf7 44. Rd2 Rd7 45. Nd5 Nf3 46. Rd1 Ng5 47. Re1
Nf7 48. f4 gxf3+ 49. Kxf3 Nd6 50. Rc1 Rf7+ 51. Ke3 Nb7 52. Rd1 Na5 53. Rc1 Nb3
54. Rc2 Rf1 55. Rf2 Rxf2 56. Kxf2 Nd2 57. Nc7+ Kf7 58. Nb5 Nxc4 59. Nxa7 Nxa3
60. Ke3 b5 61. Kd3 b4 62. Kd2 Ke6 63. Nc6 Kd6 64. Na5 Kc7 65. h3 Kb6 66. Nb3
Nc4+ 67. Kc2 Nd6 68. Nd2 c4 69. g4 hxg4 70. hxg4 Kc5 71. g5 Kd4 72. g6 Ne8 0-1

[Event "Campeonato Paulista Absoluto 2005"]
[Site "Americana BRA"]
[Date "2005.07.01"]
[Round "3"]
[White "Marra, Eduardo da Costa"]
[Black "De Lima, Diniz Neves"]
[Result "0-1"]
[WhiteElo "2241"]
[BlackElo "2090"]
[PlyCount "62"]
[EventDate "2005.06.30"]
[EventType "swiss"]
[EventRounds "7"]
[EventCountry "BRA"]
[Source "lmi"]
[SourceDate "2005.07.04"]

1. e4 d5 2. exd5 Nf6 3. d4 Nxd5 4. Nf3 Bg4 5. Be2 e6 6. O-O Be7 7. c4 Nb6 8.
Qb3 Nc6 9. Be3 O-O 10. c5 Nd5 11. Qxb7 Ncb4 12. Qb5 Nc2 13. Qa4 Nxa1 14. Nbd2
Rb8 15. Rxa1 Rxb2 16. Bd3 Nxe3 17. fxe3 Bxf3 18. Nxf3 Qb8 19. Ne5 Qb7 20. c6
Qb4 21. Qd1 Qd2 22. Qxd2 Rxd2 23. Bc4 Bg5 24. Re1 Rc2 25. Bb3 Rc3 26. Kf2 Rb8
27. Nf3 Bf6 28. d5 exd5 29. Bxd5 Rb2+ 30. Kg3 g6 31. Rd1 Rxe3 0-1

[Event "Campeonato Paulista Absoluto 2005"]
[Site "Americana BRA"]
[Date "2005.07.01"]
[Round "3"]
[White "Rodriguez, Andres"]
[Black "De Paiva, Pedro Henrique"]
[Result "0-1"]
[WhiteElo "2536"]
[BlackElo "2118"]
[PlyCount "98"]
[EventDate "2005.06.30"]
[EventType "swiss"]
[EventRounds "7"]
[EventCountry "BRA"]
[Source "lmi"]
[SourceDate "2005.07.04"]

1. e4 c5 2. Nc3 a6 3. g3 Nc6 4. d3 g6 5. Bg2 Bg7 6. Be3 d6 7. Qd2 Rb8 8. f4 Nf6
9. h3 O-O 10. g4 Ne8 11. Nf3 f5 12. g5 Nc7 13. h4 e5 14. h5 exf4 15. Bxf4 Ne6
16. exf5 Rxf5 17. Be3 d5 18. hxg6 hxg6 19. Nh4 d4 20. Nxf5 gxf5 21. Bxc6 bxc6
22. Qh2 Rb7 23. Qh7+ Kf8 24. Rf1 dxe3 25. Rxf5+ Rf7 26. Rxf7+ Kxf7 27. g6+ Ke7
28. O-O-O Qf8 29. Qh1 Qe8 30. Rf1 Bxc3 31. bxc3 Qxg6 32. Qxc6 e2 33. Rh1 Bd7
34. Qf3 Qg5+ 35. Kb2 Qe5 36. Qf2 Bc6 37. Qh4+ Kd7 38. Re1 Nf4 39. Qh7+ Kc8 40.
Qg8+ Kb7 41. Qg3 Kb6 42. Qf2 Bb5 43. Kb3 Bxd3 44. cxd3 Nxd3 45. Qh4 Nxe1 46.
Qxe1 Qd5+ 47. Kc2 Qxa2+ 48. Kd3 Qd5+ 49. Ke3 Qd1 0-1

[Event "Campeonato Paulista Absoluto 2005"]
[Site "Americana BRA"]
[Date "2005.07.01"]
[Round "3"]
[White "Da Costa, Fernando Viana"]
[Black "Crosa, Martin"]
[Result "1/2-1/2"]
[WhiteElo "2127"]
[BlackElo "2432"]
[PlyCount "73"]
[EventDate "2005.06.30"]
[EventType "swiss"]
[EventRounds "7"]
[EventCountry "BRA"]
[Source "lmi"]
[SourceDate "2005.07.04"]

1. e4 c5 2. Nf3 Nc6 3. d4 cxd4 4. Nxd4 Nf6 5. Nc3 e5 6. Ndb5 d6 7. Bg5 a6 8.
Na3 b5 9. Nd5 Be7 10. Bxf6 Bxf6 11. c3 O-O 12. Nc2 Bg5 13. h4 Bh6 14. a4 bxa4
15. Rxa4 a5 16. Nce3 Bxe3 17. Nxe3 Rb8 18. Ra2 Ne7 19. Bc4 Bb7 20. Qd3 Kh8 21.
Bd5 Nxd5 22. Nxd5 f5 23. exf5 e4 24. Qd4 Rxf5 25. Ne3 Re5 26. g3 Ba6 27. c4 Rb3
28. Ra3 Rb4 29. O-O Qb6 30. Qxb6 Rxb6 31. Rfa1 Bb7 32. b3 Re8 33. Kf1 Kg8 34.
Ke1 Rf8 35. Rxa5 Rxb3 36. R1a2 Rf6 37. Rd2 1/2-1/2

[Event "Campeonato Paulista Absoluto 2005"]
[Site "Americana BRA"]
[Date "2005.07.02"]
[Round "4"]
[White "De Lima, Diniz Neves"]
[Black "Oliveira, Silvio Eduardo"]
[Result "1-0"]
[WhiteElo "2090"]
[BlackElo "2224"]
[PlyCount "47"]
[EventDate "2005.06.30"]
[EventType "swiss"]
[EventRounds "7"]
[EventCountry "BRA"]
[Source "lmi"]
[SourceDate "2005.07.04"]

1. e4 e6 2. d4 d5 3. Nc3 Bb4 4. Bd2 dxe4 5. Qg4 Nf6 6. Qxg7 Rg8 7. Qh6 Nc6 8.
O-O-O Rg6 9. Qh4 Qxd4 10. Bg5 Qe5 11. f4 Qf5 12. Nge2 h6 13. Bxh6 Ng4 14. Bg5
f6 15. Qh8+ Bf8 16. Ng3 Qa5 17. Qh5 Ne7 18. Qxg4 fxg5 19. Ngxe4 gxf4 20. Qh4
Qe5 21. Bb5+ Kf7 22. Rd8 Kg7 23. Be8 Nf5 24. Qh5 1-0

[Event "Campeonato Paulista Absoluto 2005"]
[Site "Americana BRA"]
[Date "2005.07.02"]
[Round "4"]
[White "Galati, Mario Augusto"]
[Black "Arruda, William Batista"]
[Result "1/2-1/2"]
[WhiteElo "2244"]
[BlackElo "2129"]
[PlyCount "67"]
[EventDate "2005.06.30"]
[EventType "swiss"]
[EventRounds "7"]
[EventCountry "BRA"]
[Source "lmi"]
[SourceDate "2005.07.04"]

1. d4 Nf6 2. c4 g6 3. Nc3 Bg7 4. e4 d6 5. Be2 O-O 6. Be3 Na6 7. h4 e5 8. d5 c6
9. h5 cxd5 10. cxd5 Bd7 11. hxg6 fxg6 12. f3 Qa5 13. Qd2 Nc7 14. Rb1 b5 15. b4
Qa6 16. a4 Qb7 17. a5 Nh5 18. Nh3 Nf4 19. Nxf4 exf4 20. Bd4 Ne8 21. Bxg7 Nxg7
22. Bf1 Nh5 23. Ne2 Rac8 24. Nd4 Rfe8 25. Be2 a6 26. Rxh5 gxh5 27. Qxf4 Re5 28.
Qf6 Qc7 29. Rb3 Rf8 30. Qh6 Qa7 31. Rd3 Qc7 32. Rb3 Rc8 33. Qf6 Rf8 34. Qh6
1/2-1/2

[Event "Campeonato Paulista Absoluto 2005"]
[Site "Americana BRA"]
[Date "2005.07.02"]
[Round "4"]
[White "Gimenes, Jayme Augusto Cicog"]
[Black "Aranha Filho, Alvaro Zimmerman"]
[Result "0-1"]
[WhiteElo "2162"]
[BlackElo "2272"]
[PlyCount "100"]
[EventDate "2005.06.30"]
[EventType "swiss"]
[EventRounds "7"]
[EventCountry "BRA"]
[Source "lmi"]
[SourceDate "2005.07.04"]

1. c4 c6 2. Nf3 d5 3. b3 Nf6 4. Bb2 Bg4 5. e3 Nbd7 6. Be2 e6 7. O-O Bd6 8. d3
Qe7 9. Nbd2 O-O 10. h3 Bh5 11. Re1 Rfd8 12. Rc1 Rac8 13. Qc2 Qf8 14. Qb1 a6 15.
Qa1 Ba3 16. Bf1 Qe7 17. Rc2 Bxb2 18. Qxb2 e5 19. cxd5 Nxd5 20. a3 Bg6 21. e4
Nc7 22. Nc4 f6 23. Na5 Rb8 24. b4 Ne6 25. g3 Ndf8 26. Nb3 Kh8 27. Rcc1 Bh5 28.
Nfd2 Ng5 29. h4 Nge6 30. Qc3 Bf7 31. Nf3 Nc7 32. a4 Bxb3 33. Qxb3 Nfe6 34. Rc4
Rd6 35. Bh3 Rbd8 36. Re3 Nd4 37. Nxd4 Rxd4 38. Qc3 Qd6 39. Bf1 g6 40. Rf3 Kg7
41. Rxd4 Qxd4 42. Qb3 Qb6 43. g4 Rd7 44. g5 fxg5 45. hxg5 Re7 46. Bh3 a5 47. b5
cxb5 48. Rf6 Qc5 49. axb5 Nxb5 50. Bg4 Qc1+ 0-1

[Event "Campeonato Paulista Absoluto 2005"]
[Site "Americana BRA"]
[Date "2005.07.02"]
[Round "4"]
[White "Mekhitarian, Krikor Sevag"]
[Black "Coelho, Luis Henrique Pinto"]
[Result "1-0"]
[WhiteElo "2218"]
[BlackElo "2417"]
[PlyCount "79"]
[EventDate "2005.06.30"]
[EventType "swiss"]
[EventRounds "7"]
[EventCountry "BRA"]
[Source "lmi"]
[SourceDate "2005.07.04"]

1. e4 e5 2. Nf3 d6 3. d4 exd4 4. Nxd4 Nf6 5. Nc3 Be7 6. Qf3 O-O 7. Nf5 Bxf5 8.
Qxf5 Nc6 9. Be3 g6 10. Qh3 Re8 11. O-O-O Nd7 12. Nd5 Nf6 13. Nxe7+ Qxe7 14. f3
Qe6 15. Qxe6 fxe6 16. c3 Kg7 17. Bd3 e5 18. Rd2 Nd8 19. Rhd1 Ne6 20. Bc4 Re7
21. Kc2 Rf8 22. Bxa7 b6 23. Bxb6 cxb6 24. Rxd6 Nf4 25. g3 Nh3 26. Rxb6 Nh5 27.
Be2 Ng5 28. Rd3 Ref7 29. a4 Nxf3 30. Bxf3 Rxf3 31. Rxf3 Rxf3 32. a5 Rf1 33. a6
Ra1 34. b4 Nf6 35. b5 Nxe4 36. Rc6 Kf7 37. Rc7+ Ke6 38. a7 Kd6 39. b6 Nf6 40.
Rf7 1-0

[Event "Campeonato Paulista Absoluto 2005"]
[Site "Americana BRA"]
[Date "2005.07.02"]
[Round "4"]
[White "De Paiva, Pedro Henrique"]
[Black "Diamant, Andre"]
[Result "1/2-1/2"]
[WhiteElo "2118"]
[BlackElo "2226"]
[PlyCount "52"]
[EventDate "2005.06.30"]
[EventType "swiss"]
[EventRounds "7"]
[EventCountry "BRA"]
[Source "lmi"]
[SourceDate "2005.07.04"]

1. e4 c5 2. Nf3 Nc6 3. d4 cxd4 4. Nxd4 g6 5. c4 Nf6 6. Nc3 d6 7. Be2 Nxd4 8.
Qxd4 Bg7 9. Be3 O-O 10. Qd2 Be6 11. O-O Qa5 12. Rac1 Rfc8 13. b3 a6 14. f3 b5
15. Nd5 Qxd2 16. Bxd2 Nxd5 17. cxd5 Bd7 18. Rxc8+ Rxc8 19. Rc1 Rxc1+ 20. Bxc1
Bd4+ 21. Kf1 f5 22. Ke1 fxe4 23. fxe4 Kf7 24. Kd2 Bg1 25. h3 h5 26. Bb2 Bc5
1/2-1/2

[Event "Campeonato Paulista Absoluto 2005"]
[Site "Americana BRA"]
[Date "2005.07.02"]
[Round "5"]
[White "Arruda, William Batista"]
[Black "De Toledo, James Mann"]
[Result "0-1"]
[WhiteElo "2129"]
[BlackElo "2373"]
[PlyCount "42"]
[EventDate "2005.06.30"]
[EventType "swiss"]
[EventRounds "7"]
[EventCountry "BRA"]
[Source "lmi"]
[SourceDate "2005.07.04"]

1. e4 c5 2. Nf3 Nc6 3. d3 g6 4. g3 Bg7 5. Bg2 d6 6. O-O e5 7. Nc3 Nge7 8. a3
O-O 9. Rb1 a5 10. Be3 a4 11. Qd2 Nd4 12. Ne1 Be6 13. f4 exf4 14. gxf4 f5 15.
Qf2 Qd7 16. Nf3 Nxf3+ 17. Bxf3 Rab8 18. Rbe1 b6 19. h4 d5 20. exd5 Nxd5 21. Bd2
Bd4 0-1

[Event "Campeonato Paulista Absoluto 2005"]
[Site "Americana BRA"]
[Date "2005.07.02"]
[Round "5"]
[White "Leitao, Rafael"]
[Black "Burgos, Marcelo Alves"]
[Result "1-0"]
[WhiteElo "2598"]
[BlackElo "2198"]
[PlyCount "63"]
[EventDate "2005.06.30"]
[EventType "swiss"]
[EventRounds "7"]
[EventCountry "BRA"]
[Source "lmi"]
[SourceDate "2005.07.04"]

1. e4 c5 2. Nf3 Nc6 3. Bb5 g6 4. Bxc6 bxc6 5. O-O Bg7 6. Re1 f6 7. c3 Nh6 8. d4
cxd4 9. cxd4 O-O 10. b3 d6 11. Nbd2 f5 12. Bb2 fxe4 13. Nxe4 Bg4 14. Neg5 Qd7
15. h3 Bxf3 16. Nxf3 Rf5 17. Qe2 Bf6 18. Rac1 Rd5 19. Rc4 Nf5 20. Rec1 Rc8 21.
Qc2 a5 22. g4 Nh4 23. Nxh4 Bxh4 24. Rxc6 Rf8 25. Qe4 Rg5 26. f4 d5 27. Qe3
Rxg4+ 28. hxg4 Qxg4+ 29. Kh1 Rf5 30. Rg1 Bg3 31. Rxg3 Qd1+ 32. Kg2 1-0

[Event "Campeonato Paulista Absoluto 2005"]
[Site "Americana BRA"]
[Date "2005.07.03"]
[Round "6"]
[White "Bere Fo, Romulo Fernando"]
[Black "Rodriguez, Andres"]
[Result "0-1"]
[WhiteElo "2115"]
[BlackElo "2536"]
[PlyCount "60"]
[EventDate "2005.06.30"]
[EventType "swiss"]
[EventRounds "7"]
[EventCountry "BRA"]
[Source "lmi"]
[SourceDate "2005.07.04"]

1. d4 f5 2. g3 Nf6 3. Bg2 g6 4. c4 Bg7 5. Nc3 O-O 6. Nf3 d6 7. O-O Nc6 8. d5
Ne5 9. Nxe5 dxe5 10. e4 f4 11. gxf4 exf4 12. Bxf4 Nxe4 13. Qc1 Nd6 14. Bh6 Bxh6
15. Qxh6 Nxc4 16. Ne4 Rf7 17. Ng5 Rg7 18. d6 Nxd6 19. Rad1 c6 20. Rfe1 Qa5 21.
b4 Qc7 22. b5 Bg4 23. bxc6 bxc6 24. Rc1 Qa5 25. Ne6 Bxe6 26. Rxe6 Qxa2 27. Rce1
Nf5 28. Qc1 Rf8 29. Qc5 Qd2 30. Bxc6 Nd4 0-1

[Event "Campeonato Paulista Absoluto 2005"]
[Site "Americana BRA"]
[Date "2005.07.03"]
[Round "6"]
[White "Crosa, Martin"]
[Black "Gerbelli, Eduardo"]
[Result "1-0"]
[WhiteElo "2432"]
[BlackElo "2190"]
[PlyCount "74"]
[EventDate "2005.06.30"]
[EventType "swiss"]
[EventRounds "7"]
[EventCountry "BRA"]
[Source "lmi"]
[SourceDate "2005.07.04"]

1. e4 e5 2. Nf3 Nc6 3. Bc4 Nf6 4. d3 Bc5 5. O-O d6 6. c3 Bb6 7. Bb3 O-O 8. Re1
Kh8 9. h3 Be6 10. Nbd2 Ng8 11. Nc4 Na5 12. Nxb6 Bxb3 13. axb3 axb6 14. d4 Nc6
15. Rxa8 Qxa8 16. Qd3 Qa6 17. Qe3 Nge7 18. Rd1 f6 19. dxe5 fxe5 20. Nd2 Ng6 21.
g3 Qa8 22. Qe2 Qc8 23. Kg2 Nd8 24. Nc4 Ne6 25. Qg4 Nc5 26. Qxc8 Rxc8 27. Nd2
Ra8 28. b4 Nd3 29. Nc4 Nxc1 30. Rxc1 Ra2 31. Rb1 Kg8 32. Na3 Ne7 33. Kf3 c5 34.
b5 d5 35. Ke3 c4 36. exd5 Nxd5+ 37. Kd2 Nc7 1-0